| 000 | 00756nam a2200241 a 4500 | ||
|---|---|---|---|
| 001 | 13142 | ||
| 003 | BD-JhCC | ||
| 005 | 20230713085246.0 | ||
| 008 | 221019s2018 bg a|||| ||a| 000 0 ben d | ||
| 020 | _a9789848056073 | ||
| 035 | _a(BD-JhCC)13142 | ||
| 040 |
_aBD-JhCC _dBD-JhCC |
||
| 041 | _aBengali | ||
| 082 |
_bMAH 2018 _a891.442 |
||
| 100 | _aমাহফুজ, নাগিব | ||
| 245 |
_aজাদুর লাটিম / _cনাগিব মাহফুজ, অনু: রাফিক হারিরি । |
||
| 260 |
_aঢাকা : _bপ্রতিভা প্রকাশ; _c2018. |
||
| 300 |
_a63 p. : _c20 cm. |
||
| 650 | _aBengali Drama | ||
| 700 | _a হারিরি, রাফিক | ||
| 942 |
_2ddc _cBK |
||
| 999 |
_c13142 _d13142 |
||